00729nam a2200241 a 4500001001300000003000900013005001700022008004100039020001000080082001600090100002700106245006800133260002900201300000800230500003500238505002600273650001900299700002700318902000800345942000700353952011200360999001500472nice12345678IN_TiNIC20260116011639.0050524s1912 dela grp 000 0 urd  ac0.500a297.4bHAF1 aHafizullah, Mohd Hafiz aBadi Sawaaneh Umri (life and Works of Khwaja Moinuddin Chishti) aDelhibAfzal Pressc1912 a84p aincludes index and biblioraphy2 aworld christian books aSufism-Chishti1 aHafizullah, Mohd Hafiz bSRS cBK 001040708StackRoom-aHMIbHMId2007-09-10g0.50l0o297.4 HAF1p07900r2007-09-10v0.50w2005-05-24yBK c3115d3115